[Event "Championnat de France - Open B"]
[Site "Pau"]
[Date "2008.08.21"]
[Round "9.2"]
[White "Giry, Jean-Marc"]
[Black "Najart, David"]
[Result "1-0"]
[WhiteElo "1934"]
[BlackElo "1852"]
[PlyCount "59"]

1. c4 Nf6 2. g3 e5 3. Bg2 Nc6 4. Nc3 Bb4 5. Nd5 Bc5 6. a3 a5 7. e3 Nxd5 8. cxd5
Ne7 9. Nf3 d6 10. d4 exd4 11. Nxd4 O-O 12. O-O Bd7 13. b3 c6 14. dxc6 bxc6 15.
Bb2 Qb6 16. Be4 Rab8 17. Rb1 Be6 18. Nxe6 fxe6 19. Qg4 g6 20. Qxe6+ Rf7 21. Bd3
Rbf8 22. h4 Qc7 23. Rbc1 Bb6 24. Rc4 Qc8 25. Qxc8 Rxc8 26. Kg2 Nd5 27. Bd4 c5
28. Bb2 Bc7 29. Rg4 Ne7 30. h5 1-0

[Event "Championnat de France - Open B"]
[Site "Pau"]
[Date "2008.08.21"]
[Round "9.3"]
[White "Gambini, Stephane"]
[Black "Renaux, Osmin"]
[Result "1-0"]
[WhiteElo "1999"]
[BlackElo "1951"]
[PlyCount "85"]

1. e4 e5 2. Nf3 Nc6 3. d4 exd4 4. Bc4 Nf6 5. O-O Nxe4 6. Re1 d5 7. Bxd5 Qxd5 8.
Nc3 Qa5 9. Nxe4 Be6 10. Bd2 Qh5 11. Bg5 Be7 12. Bxe7 Nxe7 13. Nxd4 Qxd1 14.
Raxd1 O-O-O 15. Nxe6 Rxd1 16. Rxd1 fxe6 17. Ng5 Nc6 18. Nxe6 g6 19. Kf1 Re8 20.
Ng5 Re7 21. Nf3 b5 22. Rd5 a6 23. c3 Na5 24. b3 c6 25. Re5 Rd7 26. Ke2 Kc7 27.
h4 Nb7 28. h5 gxh5 29. Rxh5 Nd6 30. Ne5 Re7 31. Ke3 c5 32. f4 a5 33. Kd3 Rg7
34. g4 Kb6 35. Rh6 Kc7 36. g5 b4 37. cxb4 axb4 38. Re6 Nb7 39. Kc4 Nd8 40. Ra6
Nb7 41. Rc6+ Kd8 42. Kd5 Re7 43. Rf6 1-0

[Event "Championnat de France - Open B"]
[Site "Pau"]
[Date "2008.08.21"]
[Round "9.4"]
[White "Pilte, Nicolas"]
[Black "Lepot, Simon"]
[Result "0-1"]
[WhiteElo "1870"]
[BlackElo "1982"]
[PlyCount "130"]

1. e4 e5 2. f4 exf4 3. Nf3 d6 4. Nc3 h6 5. Bc4 Nc6 6. d4 g5 7. h4 Bg7 8. O-O
Bg4 9. Be3 Na5 10. Qe2 Nxc4 11. Qxc4 Qd7 12. Bd2 O-O-O 13. b4 f5 14. exf5 d5
15. Qb3 Bxf3 16. Rxf3 Bxd4+ 17. Kh1 Nf6 18. Rd1 Ne4 19. Be1 Bxc3 20. Bxc3 Nxc3
21. Rxc3 Qxf5 22. Qa4 a6 23. Qa5 c6 24. Qb6 Qe5 25. Rc5 Qc7 26. Qa7 f3 27. gxf3
Qg3 28. Rc3 gxh4 29. Qg1 Rhg8 30. Qxg3 hxg3 31. Kg2 Rde8 32. Rxd5 Re2+ 33. Kg1
Rh2 34. Rd1 h5 35. Rc5 h4 36. Rh5 h3 37. Rh7 Rg2+ 38. Kh1 Rxc2 39. Rxh3 Rxa2
40. Kg1 Rb2 41. Rh4 Rb3 42. Kg2 Rb2+ 43. Kg1 g2 44. Rf4 Rb3 45. Rc1 Kc7 46. Re1
Kb6 47. Ra1 Rg5 48. Re1 Kb5 49. Rf7 b6 50. f4 Rg8 51. f5 Rh3 52. Kf2 Rh1 53.
Rg1 Rxg1 54. Kxg1 Kxb4 55. f6 Kc5 56. Ra7 Rf8 57. f7 a5 58. Kxg2 a4 59. Kf3 a3
60. Ke4 a2 61. Ke5 Rxf7 62. Rxa2 Re7+ 63. Kf4 b5 64. Rc2+ Kb6 65. Kf3 c5 0-1

[Event "Championnat de France - Open B"]
[Site "Pau"]
[Date "2008.08.21"]
[Round "9.5"]
[White "Grandadam, Patrick"]
[Black "De Seroux, Camille"]
[Result "1-0"]
[WhiteElo "1980"]
[BlackElo "1898"]
[PlyCount "67"]

1. Nf3 Nf6 2. d4 g6 3. Bg5 Bg7 4. Nbd2 d6 5. e4 O-O 6. c3 c5 7. Bc4 cxd4 8.
cxd4 Nxe4 9. Nxe4 d5 10. Bxd5 Qxd5 11. Nc3 Qe6+ 12. Be3 b6 13. O-O Bb7 14. d5
Qd7 15. Bd4 Bxd4 16. Qxd4 Qd8 17. Rad1 Nd7 18. Rfe1 Nf6 19. Ne5 Rc8 20. h3 Ne8
21. Nb5 Rc5 22. Nc3 Nd6 23. b4 Rc7 24. Ng4 Nf5 25. Qd3 Qd6 26. a3 Qd8 27. Re5
Qc8 28. Ne2 h5 29. Rxf5 hxg4 30. Rg5 gxh3 31. Nf4 h2+ 32. Kxh2 Rc1 33. Nxg6
Qc7+ 34. Ne5+ 1-0

[Event "Championnat de France - Open B"]
[Site "Pau"]
[Date "2008.08.21"]
[Round "9.6"]
[White "Ferrier, David"]
[Black "Sola, Flavien"]
[Result "1/2-1/2"]
[WhiteElo "1978"]
[BlackElo "1895"]
[PlyCount "160"]

1. d4 c5 2. d5 e5 3. e4 d6 4. Bd3 Be7 5. Ne2 a6 6. a4 Bg5 7. O-O Bxc1 8. Qxc1
Nd7 9. Na3 Ne7 10. Nc4 Nb6 11. Qg5 Nxc4 12. Bxc4 Ng6 13. Qxd8+ Kxd8 14. f4 exf4
15. Nxf4 Ne5 16. Be2 Ke7 17. Ra3 Bd7 18. a5 Rac8 19. c4 Rc7 20. Rc3 Rb8 21. Nd3
Nxd3 22. Rxd3 b6 23. axb6 Rxb6 24. b3 Rcb7 25. Bd1 f6 26. g4 h6 27. h4 Rb8 28.
Rg3 Rf8 29. g5 hxg5 30. hxg5 Rbb8 31. Bc2 fxg5 32. Rxf8 Rxf8 33. Rxg5 Kf6 34.
Rg3 g5 35. Kf2 Ke5+ 36. Ke3 g4 37. Bd1 Rf4 38. Bc2 Be8 39. Rg1 Bg6 40. Ra1 Rf3+
41. Ke2 Rh3 42. Rg1 Rh2+ 43. Kd1 Kf4 44. Bd3 Ra2 45. Rf1+ Ke3 46. Bb1 Rd2+ 47.
Kc1 Rf2 48. Rg1 Kf4 49. e5 Bxb1 50. Kxb1 dxe5 51. Rd1 Ke3 52. d6 Rf8 53. Rg1
Rd8 54. Rxg4 Rxd6 55. Kc2 Kf3 56. Rg7 Rc6 57. Kd2 Kf4 58. Rb7 Ke4 59. Rd7 Kf5
60. Rd5 Kf4 61. Rd7 e4 62. Rf7+ Ke5 63. Re7+ Re6 64. Rc7 Kd6 65. Ra7 e3+ 66.
Ke2 Ke5 67. Kxe3 Rb6 68. Kd2 Rxb3 69. Rxa6 Kd4 70. Ra4 Rb2+ 71. Kc1 Rb4 72.
Rxb4 cxb4 73. Kd2 Kxc4 74. Kc2 b3+ 75. Kb2 Kb4 76. Kb1 Ka3 77. Ka1 Kb4 78. Kb1
Kb5 79. Kb2 Kc4 80. Kb1 Kc3 1/2-1/2

[Event "Championnat de France - Open B"]
[Site "Pau"]
[Date "2008.08.21"]
[Round "9.7"]
[White "Leroux, Mathieu"]
[Black "Macarry, Elodie"]
[Result "1-0"]
[WhiteElo "1970"]
[BlackElo "1809"]
[PlyCount "73"]

1. e4 c6 2. d4 d5 3. exd5 cxd5 4. Bd3 Nc6 5. c3 Nf6 6. Ne2 Bg4 7. O-O e6 8. Re1
Bd6 9. f3 Bh5 10. Bf4 Bg6 11. Qc2 Bxd3 12. Qxd3 Bxf4 13. Nxf4 Qd6 14. Qd2 g5
15. Nd3 Rg8 16. Ne5 Nh5 17. Qd3 Rg7 18. g3 O-O-O 19. Kg2 Ne7 20. Nd2 Ng6 21.
Nxg6 Rxg6 22. c4 g4 23. f4 Qxf4 24. Rf1 Qh6 25. Rxf7 Rg7 26. Raf1 Kb8 27. c5
Rd7 28. Rf8+ Kc7 29. Nb3 Qg6 30. Qe3 Qg5 31. Qc3 Qg6 32. Qa5+ Kc6 33. Rc8+ Rc7
34. Qa4+ b5 35. Qa6+ Kd7 36. Qd6+ Kxc8 37. Rf8+ 1-0

[Event "Championnat de France - Open B"]
[Site "Pau"]
[Date "2008.08.21"]
[Round "9.8"]
[White "Pokee, Anne"]
[Black "Boukhris-Ferre, Yacine"]
[Result "1-0"]
[WhiteElo "1996"]
[BlackElo "1870"]
[PlyCount "59"]

1. e4 e6 2. d4 d5 3. e5 c5 4. c3 Nc6 5. Nf3 Qb6 6. Bd3 Bd7 7. dxc5 Bxc5 8. O-O
a5 9. a4 Nge7 10. Na3 Ng6 11. Qe2 O-O 12. Nb5 f6 13. exf6 gxf6 14. Bh6 Rfe8 15.
Nh4 Nce5 16. Nxg6 hxg6 17. Bf4 Bxb5 18. Bxb5 Nc6 19. Qg4 Kf7 20. Rae1 Re7 21.
Qh3 Rg8 22. c4 d4 23. Re4 e5 24. Bd2 Bb4 25. c5 Qxc5 26. Rc1 Qd6 27. Bc4+ Kf8
28. Bh6+ Rgg7 29. Bxg7+ Kxg7 30. Rh4 1-0

[Event "Championnat de France - Open B"]
[Site "Pau"]
[Date "2008.08.21"]
[Round "9.9"]
[White "Nord, Antoine"]
[Black "Meley, Hector"]
[Result "1-0"]
[WhiteElo "1842"]
[BlackElo "1912"]
[PlyCount "57"]

1. e4 e6 2. d4 d5 3. Nd2 Nf6 4. e5 Nfd7 5. Bd3 c5 6. c3 Nc6 7. Ne2 cxd4 8. cxd4
f6 9. exf6 Nxf6 10. Nf3 Bd6 11. O-O O-O 12. Bg5 e5 13. dxe5 Nxe5 14. Nxe5 Bxe5
15. Qc2 Bxh2+ 16. Kh1 Bb8 17. Bxh7+ Kh8 18. Bd3 Be6 19. Nf4 Bxf4 20. Bxf4 Nh5
21. Bh2 Qg5 22. Rae1 Rf6 23. Re5 Qh6 24. Kg1 Nf4 25. Bxf4 Qxf4 26. Rfe1 Rh6 27.
Bg6 Rc8 28. Qxc8+ Bg8 29. Qxg8+ 1-0

[Event "Championnat de France - Open B"]
[Site "Pau"]
[Date "2008.08.21"]
[Round "9.10"]
[White "Delay, Guillaume"]
[Black "Assedo, Johaquim"]
[Result "1/2-1/2"]
[WhiteElo "1906"]
[BlackElo "1699"]
[PlyCount "72"]

1. e4 c5 2. Nf3 Nc6 3. d4 cxd4 4. Nxd4 g6 5. c4 Bg7 6. Be3 d6 7. Nc3 Nf6 8. Be2
Bd7 9. O-O O-O 10. f3 a6 11. Qd2 Rc8 12. b3 Qa5 13. Rac1 Nxd4 14. Bxd4 Nh5 15.
Rfd1 Bxd4+ 16. Qxd4 Nf6 17. Qd2 Qb6+ 18. Kh1 Bc6 19. Nd5 Bxd5 20. exd5 Qd8 21.
Rc3 a5 22. Re3 b6 23. Re1 Nd7 24. f4 Nc5 25. Bg4 Rc7 26. Qe2 f5 27. Bf3 Rf7 28.
Qf2 Qf8 29. Bd1 Qg7 30. Qh4 Qd4 31. Bc2 Qb2 32. Bb1 Qd4 33. h3 Qg7 34. Kh2 Kf8
35. Qf2 Qd4 36. g3 Qf6 1/2-1/2

[Event "Championnat de France - Open B"]
[Site "Pau"]
[Date "2008.08.22"]
[Round "10.1"]
[White "Giry, Jean-Marc"]
[Black "Gambini, Stephane"]
[Result "1-0"]
[WhiteElo "1934"]
[BlackElo "1999"]
[PlyCount "95"]

1. c4 Nf6 2. g3 g6 3. Bg2 Bg7 4. Nc3 d6 5. d3 O-O 6. e4 e5 7. Nge2 Nc6 8. O-O
Bd7 9. h3 Rb8 10. Be3 a6 11. Qd2 Ne8 12. f4 exf4 13. Bxf4 Nd4 14. Rf2 c6 15.
Bh6 Qb6 16. Bxg7 Kxg7 17. Raf1 Qc5 18. Nxd4 Qxd4 19. Ne2 Qe5 20. d4 Qe7 21. Qc3
Kg8 22. b4 Ng7 23. c5 dxc5 24. bxc5 Ne6 25. g4 Rbd8 26. Rc1 Ng5 27. Ng3 f6 28.
d5 Qe5 29. Qxe5 fxe5 30. d6 Rxf2 31. Kxf2 Rf8+ 32. Ke3 Ne6 33. Nh1 Nd4 34. Nf2
Kf7 35. Nd3 Ke6 36. Rb1 Bc8 37. g5 Re8 38. h4 Kd7 39. Nxe5+ Rxe5 40. Kxd4 Re8
41. e5 Kd8 42. Rf1 Be6 43. Rf6 Bxa2 44. Bf1 a5 45. Bh3 a4 46. e6 Rg8 47. Rf7 a3
48. Rxb7 1-0

[Event "Championnat de France - Open B"]
[Site "Pau"]
[Date "2008.08.22"]
[Round "10.2"]
[White "Fantinel, Thibault"]
[Black "Grandadam, Patrick"]
[Result "0-1"]
[WhiteElo "1908"]
[BlackElo "1980"]
[PlyCount "106"]

1. e4 c5 2. Nf3 e6 3. Nc3 a6 4. d4 cxd4 5. Nxd4 Qc7 6. g3 Bb4 7. Nde2 Nf6 8.
Bg2 Be7 9. O-O Nc6 10. h3 O-O 11. g4 d6 12. a4 b6 13. g5 Nd7 14. f4 Bb7 15. Ng3
Rfe8 16. h4 Rad8 17. h5 Nb4 18. Be3 d5 19. exd5 Bc5 20. Bf2 Nxd5 21. Nxd5 Bxd5
22. Bxd5 exd5 23. Qg4 Bxf2+ 24. Rxf2 Nc5 25. h6 g6 26. b3 Ne4 27. Nxe4 Rxe4 28.
Raf1 Rd6 29. Qf3 f5 30. Qd3 Qb7 31. Rd1 Qe7 32. Qxa6 Rxf4 33. Rxf4 Qxg5+ 34.
Kh1 Qxh6+ 35. Kg2 Qxf4 36. Qc8+ Kg7 37. Qc7+ Kf6 38. Re1 Qg4+ 39. Kf2 Qh4+ 40.
Kf1 Qh3+ 41. Kf2 Qh2+ 42. Kf3 Kg5 43. Qe7+ Kh6 44. Re2 Qh3+ 45. Kf2 Rc6 46. Kg1
Qg4+ 47. Kh1 Rxc2 48. Rxc2 Qd1+ 49. Kh2 Qxc2+ 50. Kh3 Qxb3+ 51. Kh4 Qxa4+ 52.
Kh3 Qg4+ 53. Kh2 Qh5+ 0-1

[Event "Championnat de France - Open B"]
[Site "Pau"]
[Date "2008.08.22"]
[Round "10.3"]
[White "Lepot, Simon"]
[Black "Cabanes, Kim"]
[Result "1-0"]
[WhiteElo "1982"]
[BlackElo "1934"]
[PlyCount "39"]

1. e4 c6 2. d4 d5 3. Nc3 a6 4. Bd3 dxe4 5. Nxe4 Qxd4 6. Nf3 Qd8 7. Qe2 Bf5 8.
Bg5 Bxe4 9. Qxe4 h6 10. O-O-O hxg5 11. Bc4 Qa5 12. Bxf7+ Kxf7 13. Ne5+ Kf6 14.
Qg6+ Kxe5 15. Rhe1+ Qxe1 16. Rxe1+ Kd4 17. Qf5 Nf6 18. Qe5+ Kc4 19. b3+ Kb4 20.
c3+ 1-0

[Event "Championnat de France - Open B"]
[Site "Pau"]
[Date "2008.08.22"]
[Round "10.4"]
[White "Sola, Flavien"]
[Black "Pokee, Anne"]
[Result "0-1"]
[WhiteElo "1895"]
[BlackElo "1996"]
[PlyCount "112"]

1. e4 e5 2. Nf3 d6 3. d4 exd4 4. Nxd4 g6 5. Be3 Bg7 6. Be2 Nf6 7. Nc3 O-O 8.
Qd2 Re8 9. Bg5 Nbd7 10. O-O-O Nc5 11. f3 c6 12. Nb3 Nxb3+ 13. cxb3 Qa5 14. a3
d5 15. b4 Qc7 16. Bf4 Qe7 17. exd5 Nxd5 18. Nxd5 cxd5 19. Bb5 Bf5 20. Bd3 Bxd3
21. Qxd3 Qf6 22. Qd2 Qf5 23. Bd6 Rac8+ 24. Bc5 b6 25. g4 Qd7 26. Qxd5 Qxd5 27.
Rxd5 Bf8 28. h4 bxc5 29. b5 c4 30. h5 c3 31. hxg6 fxg6 32. Rd7 Re7 33. Rxe7
Bxe7 34. Kc2 Bf6 35. b3 Re8 36. Kd3 Rd8+ 37. Ke3 Be7 38. Rc1 Bc5+ 39. Ke4 Rd4+
40. Ke5 Rd3 41. b4 Be3 42. Ke4 Bxc1 43. Kxd3 Bxa3 44. Kxc3 Bc1 45. Kc4 Be3 46.
Kd5 Kf7 47. Ke5 Bd2 48. b6 axb6 49. b5 Bc3+ 50. Ke4 Ke6 51. f4 Kd6 52. Kd3 Bf6
53. Kc4 h5 54. f5 gxf5 55. gxh5 Ke5 56. h6 Ke4 0-1

[Event "Championnat de France - Open B"]
[Site "Pau"]
[Date "2008.08.22"]
[Round "10.5"]
[White "Cruz, Jean"]
[Black "Ferrier, David"]
[Result "0-1"]
[WhiteElo "1864"]
[BlackElo "1978"]
[PlyCount "62"]

1. e4 c5 2. c4 e6 3. Nc3 Nc6 4. d3 Nf6 5. Be2 d5 6. Bg5 d4 7. Nb1 Be7 8. f4 h6
9. Bh4 Qa5+ 10. Qd2 Nxe4 11. Qxa5 Bxh4+ 12. g3 Nxa5 13. dxe4 Bf6 14. e5 Be7 15.
Nf3 b6 16. Kd2 Bb7 17. Kd3 Nxc4 18. b3 Ne3 19. Rc1 Nd5 20. a3 g5 21. fxg5 hxg5
22. Rg1 Ba6+ 23. Kd2 Bxe2 24. Kxe2 g4 25. Nh4 Bxh4 26. gxh4 Rxh4 27. Kd3 Ke7
28. Nd2 Rh3+ 29. Rg3 Rxh2 30. Rxg4 Rh3+ 31. Ke2 Re3+ 0-1

[Event "Championnat de France - Open B"]
[Site "Pau"]
[Date "2008.08.22"]
[Round "10.6"]
[White "Najart, David"]
[Black "Leroux, Mathieu"]
[Result "0-1"]
[WhiteElo "1852"]
[BlackElo "1970"]
[PlyCount "38"]

1. d4 f5 2. Qd3 d6 3. e4 fxe4 4. Qxe4 Nf6 5. Qh4 Bf5 6. Bb5+ c6 7. Ba4 Nbd7 8.
Nc3 Qc7 9. Nf3 e5 10. dxe5 dxe5 11. Qg5 g6 12. O-O O-O-O 13. Re1 Bd6 14. h3 Kb8
15. Qe3 Rde8 16. Ng5 Bc5 17. Qe2 e4 18. Bb3 Rhf8 19. Be3 Re7 0-1

[Event "Championnat de France - Open B"]
[Site "Pau"]
[Date "2008.08.22"]
[Round "10.7"]
[White "Pantic, David"]
[Black "Nord, Antoine"]
[Result "0-1"]
[WhiteElo "1961"]
[BlackElo "1842"]
[PlyCount "54"]

1. b3 d5 2. Bb2 Bg4 3. Nf3 Bxf3 4. exf3 e6 5. g3 Nf6 6. Bg2 g6 7. O-O Bg7 8. d4
O-O 9. Nd2 Nbd7 10. Re1 c5 11. dxc5 Nxc5 12. Bd4 Nfd7 13. Bxg7 Kxg7 14. f4 b5
15. Nf1 Rc8 16. c4 bxc4 17. bxc4 dxc4 18. Qd4+ Nf6 19. Qxc4 Nd3 20. Qa6 Nxe1
21. Rxe1 Qb6 22. Qe2 Rfd8 23. g4 Qd4 24. Qf3 Rc3 25. Ne3 Nd5 26. Rd1 Qb6 27.
Nxd5 Rxf3 0-1

[Event "Championnat de France - Open B"]
[Site "Pau"]
[Date "2008.08.22"]
[Round "10.8"]
[White "Macarry, Elodie"]
[Black "De La Fontaine, Christophe"]
[Result "0-1"]
[WhiteElo "1809"]
[BlackElo "1995"]
[PlyCount "132"]

1. e4 c5 2. Nf3 e6 3. d4 cxd4 4. Nxd4 Nc6 5. Bb5 Nf6 6. Nc3 Qc7 7. Bg5 Be7 8.
Nxc6 dxc6 9. Bd3 O-O 10. O-O e5 11. h3 Be6 12. Qf3 Rfe8 13. Be2 h6 14. Bd2 Rad8
15. Rad1 Nh7 16. Qg3 Bg5 17. Bxg5 Nxg5 18. Qe3 b6 19. a3 Rxd1 20. Rxd1 Rd8 21.
Rxd8+ Qxd8 22. Qd3 Qxd3 23. Bxd3 f6 24. Kf1 Bf7 25. Ke2 Ne6 26. Ba6 Kf8 27. Ke3
Nf4 28. Bf1 Be6 29. Kf3 Ke7 30. Ne2 g5 31. Nxf4 exf4 32. h4 Kd6 33. hxg5 hxg5
34. Bd3 Ke5 35. c3 c5 36. g3 g4+ 37. Ke2 Bd7 38. gxf4+ Kxf4 39. b4 Bc6 40. Bc4
Bxe4 41. bxc5 bxc5 42. Be6 Bc6 43. Bc4 Bf3+ 44. Kd2 f5 45. Bf1 Ke4 46. Bd3+ Ke5
47. Ke1 f4 48. Kf1 Kd5 49. Ba6 Kc6 50. Bc4 Kb6 51. Kg1 Bd1 52. Kf1 Kc7 53. Bd5
Kd6 54. Bb7 Ke5 55. Kg2 Bc2 56. Ba6 Be4+ 57. Kh2 Bf3 58. Bc4 Kf5 59. Bb5 Kg5
60. Bd3 Kh4 61. Bf5 g3+ 62. fxg3+ fxg3+ 63. Kg1 Kg5 64. Bh3 Kf4 65. Bf1 Ke3 66.
c4 Kd4 0-1

[Event "Championnat de France - Open B"]
[Site "Pau"]
[Date "2008.08.22"]
[Round "10.9"]
[White "Renaux, Osmin"]
[Black "Pilte, Nicolas"]
[Result "1/2-1/2"]
[WhiteElo "1951"]
[BlackElo "1870"]
[PlyCount "80"]

1. d4 Nf6 2. c4 g6 3. Nc3 Bg7 4. e4 d6 5. f4 O-O 6. Nf3 Na6 7. Be2 e5 8. O-O
exd4 9. Nxd4 Nc5 10. Bf3 Ne6 11. Be3 Re8 12. Re1 Nd7 13. Nxe6 fxe6 14. Bf2 Rf8
15. Bg3 e5 16. f5 gxf5 17. exf5 Rxf5 18. Nd5 Nf6 19. Ne3 Rg5 20. Bh4 Rg6 21.
Bd5+ Kh8 22. Bf7 Rh6 23. Bg5 Qf8 24. Bxh6 Bxh6 25. Bh5 Qg7 26. Nd5 Bh3 27. g3
Nxh5 28. Qxh5 Bg4 29. Qh4 c6 30. h3 Bd2 31. Rf1 Be2 32. Rf2 Bxc4 33. Qxc4 cxd5
34. Qd3 Bb4 35. Kh2 Rg8 36. Raf1 e4 37. Qb3 e3 38. Rg2 Bd2 39. Qxd5 e2 40. Rf7
Qxf7 1/2-1/2

[Event "Championnat de France - Open B"]
[Site "Pau"]
[Date "2008.08.22"]
[Round "10.10"]
[White "Assedo, Johaquim"]
[Black "Adrien, Vincent"]
[Result "0-1"]
[WhiteElo "1699"]
[BlackElo "1940"]
[PlyCount "58"]

1. e4 c5 2. Nf3 e6 3. d4 cxd4 4. Nxd4 Nc6 5. Nc3 a6 6. Be3 Qc7 7. Be2 Nf6 8. f3
b5 9. a3 Bb7 10. Qd2 Be7 11. Nb3 O-O 12. Nc5 Rfd8 13. Bf4 d6 14. Nxb7 Qxb7 15.
O-O Rac8 16. Bd3 Ne5 17. Qf2 Nc4 18. Bxc4 bxc4 19. Rab1 d5 20. exd5 exd5 21.
Be3 d4 22. Rfd1 dxe3 23. Rxd8+ Bxd8 24. Qg3 Ba5 25. Ne2 Qd5 26. Nc3 Bxc3 27.
bxc3 Qd2 28. h3 h6 29. Rb6 e2 0-1

[Event "Championnat de France - Open B"]
[Site "Pau"]
[Date "2008.08.23"]
[Round "11.1"]
[White "Grandadam, Patrick"]
[Black "Giry, Jean-Marc"]
[Result "1/2-1/2"]
[WhiteElo "1980"]
[BlackElo "1934"]
[PlyCount "43"]

1. d4 b6 2. e4 Bb7 3. Bd3 e6 4. Nf3 c5 5. c3 Nf6 6. e5 Nd5 7. O-O Nc6 8. dxc5
Bxc5 9. a3 Be7 10. Qe2 d6 11. Rd1 dxe5 12. Bb5 Qc7 13. Nxe5 O-O 14. Bxc6 Bxc6
15. c4 Nf6 16. Nxc6 Qxc6 17. Nc3 Rfd8 18. Be3 Rac8 19. Rxd8+ Rxd8 20. Rd1 Rxd1+
21. Nxd1 Nd7 22. Bd4 1/2-1/2

[Event "Championnat de France - Open B"]
[Site "Pau"]
[Date "2008.08.23"]
[Round "11.2"]
[White "Fantinel, Thibault"]
[Black "Lepot, Simon"]
[Result "1/2-1/2"]
[WhiteElo "1908"]
[BlackElo "1982"]
[PlyCount "39"]

1. e4 c5 2. Nf3 d6 3. d4 cxd4 4. Nxd4 Nf6 5. Nc3 a6 6. g3 e5 7. Nde2 Be7 8. Bg2
O-O 9. O-O Nbd7 10. h3 b5 11. g4 Nb6 12. Ng3 b4 13. Nd5 Nfxd5 14. exd5 f5 15.
gxf5 Bg5 16. Qg4 Bxc1 17. Raxc1 g6 18. Qxb4 gxf5 19. f4 e4 20. Qd4 1/2-1/2

[Event "Championnat de France - Open B"]
[Site "Pau"]
[Date "2008.08.23"]
[Round "11.3"]
[White "Leroux, Mathieu"]
[Black "Pokee, Anne"]
[Result "1/2-1/2"]
[WhiteElo "1970"]
[BlackElo "1996"]
[PlyCount "81"]

1. e4 e5 2. Nc3 c6 3. d4 exd4 4. Qxd4 d6 5. Bf4 Be6 6. O-O-O Qb6 7. Bxd6 Qxd4
8. Rxd4 Bxd6 9. Rxd6 Nd7 10. g3 Ke7 11. Rd2 Ngf6 12. f4 Nc5 13. Bg2 Rhd8 14. e5
Ng4 15. Rxd8 Rxd8 16. Nge2 Ne3 17. Ne4 Na6 18. Bf3 Nb4 19. N2c3 Nbxc2 20. Nd6
Nd4 21. Be4 Rd7 22. Re1 Nc4 23. Nxc4 Bxc4 24. b3 Be6 25. Rd1 h6 26. Rd2 c5 27.
Ne2 Nxe2+ 28. Rxe2 g6 29. Rd2 Rc7 30. Kc2 c4 31. b4 c3 32. Rd1 Bd7 33. Bd5 Bf5+
34. Kb3 c2 35. Rc1 Rd7 36. Bg2 Rd2 37. Bxb7 Rxh2 38. Kb2 h5 39. Bd5 Rh3 40. Rg1
h4 41. gxh4 1/2-1/2

[Event "Championnat de France - Open B"]
[Site "Pau"]
[Date "2008.08.23"]
[Round "11.4"]
[White "Ferrier, David"]
[Black "Nord, Antoine"]
[Result "1/2-1/2"]
[WhiteElo "1978"]
[BlackElo "1842"]
[PlyCount "103"]

1. Nf3 Nf6 2. g3 e6 3. Bg2 d5 4. d3 Be7 5. O-O O-O 6. Nbd2 b6 7. Re1 Bb7 8. c3
Nbd7 9. Qc2 Re8 10. e4 dxe4 11. dxe4 e5 12. Nc4 Bf8 13. Nh4 a5 14. Rd1 b5 15.
Ne3 c5 16. c4 b4 17. Nd5 Nxd5 18. exd5 g6 19. Be3 Bg7 20. Nf3 Qb6 21. Qa4 Qc7
22. Nd2 f5 23. Qb5 e4 24. d6 Qc6 25. Qxc6 Bxc6 26. Nb3 Bxb2 27. Rab1 Bc3 28.
Nxc5 Nxc5 29. Bxc5 Bd7 30. Bb6 Rac8 31. Bf1 a4 32. c5 Kf8 33. Ba6 Ra8 34. Bb7
Rab8 35. c6 Bxc6 36. Bxc6 Rxb6 37. Bxe8 Kxe8 38. Rd5 Kd7 39. Ra5 b3 40. Rxa4 b2
41. Rc4 Be5 42. Kf1 Kxd6 43. Rc2 Ra6 44. Rbxb2 Bxb2 45. Rxb2 Ra3 46. Ke1 Ke5
47. Rd2 g5 48. Rb2 f4 49. Rb5+ Kf6 50. Rb6+ Kf5 51. Rb5+ Kf6 52. Rb6+ 1/2-1/2

[Event "Championnat de France - Open B"]
[Site "Pau"]
[Date "2008.08.23"]
[Round "11.5"]
[White "Gambini, Stephane"]
[Black "Feryn, Alexandre"]
[Result "0-1"]
[WhiteElo "1999"]
[BlackElo "1940"]
[PlyCount "104"]

1. e4 c5 2. Nc3 a6 3. g3 b5 4. Bg2 Bb7 5. d3 e6 6. f4 Nf6 7. Nf3 b4 8. Ne2 Nc6
9. e5 Nd5 10. Ng5 Be7 11. Ne4 d6 12. exd6 Bxd6 13. Nxd6+ Qxd6 14. O-O O-O 15.
Bd2 a5 16. Qe1 Rac8 17. Qf2 Rc7 18. Rad1 Rd8 19. g4 Nd4 20. c4 Nxe2+ 21. Qxe2
Ne7 22. Be3 Bxg2 23. Qxg2 Nc6 24. f5 exf5 25. Rxf5 Ne7 26. Rf2 Ng6 27. Qf3 Ne5
28. Qf4 Qe6 29. h3 Rcc8 30. Qf5 Nxc4 31. Bxc5 Qxf5 32. Rxf5 g6 33. Rff1 Nxb2
34. Bb6 Rd5 35. Rc1 Rxc1 36. Rxc1 Na4 37. Rc8+ Kg7 38. Bc7 Nc3 39. d4 Ne2+ 40.
Kf2 Nxd4 41. Ke3 Ne6 42. Bb6 Rb5 43. Ba7 a4 44. Rc1 Rb7 45. Bd4+ Nxd4 46. Kxd4
b3 47. axb3 Rxb3 48. Ra1 a3 49. h4 Rg3 50. g5 Rg4+ 51. Ke5 Rxh4 52. Rxa3 Rg4
0-1

[Event "Championnat de France - Open B"]
[Site "Pau"]
[Date "2008.08.23"]
[Round "11.6"]
[White "De La Fontaine, Christophe"]
[Black "Cabanes, Kim"]
[Result "1/2-1/2"]
[WhiteElo "1995"]
[BlackElo "1934"]
[PlyCount "94"]

1. d4 d5 2. Nf3 Nf6 3. Bf4 Bf5 4. e3 e6 5. c3 Bd6 6. Bxd6 Qxd6 7. Qb3 Qb6 8.
Nbd2 O-O 9. Be2 Nbd7 10. O-O h6 11. c4 Qxb3 12. Nxb3 a5 13. Rac1 a4 14. Nbd2 c6
15. Rfd1 Rfe8 16. Nb1 dxc4 17. Bxc4 e5 18. Nc3 e4 19. Nh4 Bh7 20. g3 g5 21. Ng2
Nb6 22. Be2 Nfd5 23. f3 a3 24. b3 Nxc3 25. Rxc3 Nd5 26. Rc4 Re6 27. f4 b5 28.
Rc2 Nb4 29. Rcd2 f6 30. Kf2 Kf7 31. Ra1 Rd6 32. Ne1 Ke6 33. Nc2 Nd5 34. Rdd1
Rdd8 35. Rh1 f5 36. h4 g4 37. Rhb1 Kd6 38. b4 Ra6 39. Ke1 Bg8 40. Kd2 Rda8 41.
Ne1 Ra4 42. Nc2 Be6 43. Bf1 Nf6 44. Be2 R8a7 45. Rc1 Nd5 46. Rcb1 Nb6 47. Kc3
Nd5+ 1/2-1/2

[Event "Championnat de France - Open B"]
[Site "Pau"]
[Date "2008.08.23"]
[Round "11.7"]
[White "Adrien, Vincent"]
[Black "Delay, Guillaume"]
[Result "1/2-1/2"]
[WhiteElo "1940"]
[BlackElo "1906"]
[PlyCount "140"]

1. e4 c5 2. Nf3 d6 3. d4 cxd4 4. Nxd4 Nf6 5. Nc3 g6 6. Be3 Bg7 7. Bc4 O-O 8. f3
Nc6 9. Qd2 Bd7 10. O-O-O Ne5 11. Bb5 Bxb5 12. Ncxb5 Nc4 13. Qe2 Nxe3 14. Qxe3
Qa5 15. Na3 Rfc8 16. h4 Rab8 17. Qe2 a6 18. g4 b5 19. Nb3 Qb6 20. h5 a5 21.
hxg6 hxg6 22. e5 dxe5 23. Rh3 a4 24. Na1 Qc5 25. Rdh1 e6 26. Qh2 Kf8 27. Nb1 e4
28. Qd2 Rd8 29. Qf4 e3 30. c3 b4 31. Nc2 bxc3 32. Nxc3 Nd5 33. Rh8+ Ke7 34.
Nxd5+ Qxd5 35. Qc7+ Qd7 36. Qc5+ Qd6 37. Qxd6+ Kxd6 38. Rxd8+ Rxd8 39. Rd1+ Ke7
40. Rxd8 Kxd8 41. Nxe3 Kc7 42. Kc2 Kc6 43. b3 axb3+ 44. Kxb3 Be5 45. Kc4 Kb6
46. Kd3 Kc5 47. Ke4 Bf6 48. f4 Bb2 49. f5 exf5+ 50. gxf5 g5 51. a4 f6 52. a5
Ba1 53. a6 Kb6 54. Kd5 Kxa6 55. Ke6 Kb5 56. Kd5 Bb2 57. Ng4 Kb6 58. Nf2 Kc7 59.
Ke6 Kd8 60. Kf7 Kd7 61. Ne4 g4 62. Kg6 Be5 63. Kh5 g3 64. Nd2 Kd6 65. Kg4 Kd5
66. Kf3 Kd4 67. Nb3+ Kc4 68. Nd2+ Kd3 69. Ne4 g2 70. Nf2+ Kd4 1/2-1/2

[Event "Championnat de France - Open B"]
[Site "Pau"]
[Date "2008.08.23"]
[Round "11.8"]
[White "Le Bail, Arielle"]
[Black "Renaux, Osmin"]
[Result "0-1"]
[WhiteElo "1810"]
[BlackElo "1951"]
[PlyCount "86"]

1. d4 Nf6 2. c4 g6 3. Nc3 Bg7 4. e4 d6 5. f3 O-O 6. Nge2 c5 7. d5 e6 8. Bf4 Nh5
9. Be3 exd5 10. cxd5 a6 11. g3 b5 12. a3 Nd7 13. Nf4 Nxf4 14. Bxf4 Ne5 15. Bg2
Nc4 16. Qc1 Bd4 17. b3 Nxa3 18. Rxa3 b4 19. Ra2 Bxc3+ 20. Bd2 Bd4 21. Be3 Qf6
22. Bxd4 Qxd4 23. Qd2 Qxd2+ 24. Kxd2 f5 25. Rf1 fxe4 26. fxe4 Rxf1 27. Bxf1 Kf7
28. Ke3 a5 29. Rf2+ Kg7 30. Bb5 Bg4 31. Rd2 Kf6 32. Rf2+ Ke7 33. Rd2 Kf6 34.
Rf2+ Ke7 35. Rd2 Rf8 36. Be2 Bd7 37. Bd1 Rf1 38. h4 Kf6 39. Rf2+ Rxf2 40. Kxf2
Ke5 41. Ke3 Bb5 42. g4 Bf1 43. Bc2 c4 0-1

[Event "Championnat de France - Open B"]
[Site "Pau"]
[Date "2008.08.23"]
[Round "11.9"]
[White "Chebance, Benoit"]
[Black "Bourgois, Bastien"]
[Result "1-0"]
[WhiteElo "1988"]
[BlackElo "1887"]
[PlyCount "61"]

1. e4 c5 2. Nc3 Nc6 3. g3 g6 4. Bg2 Bg7 5. d3 e6 6. Nge2 Nge7 7. Be3 d6 8. Qd2
Nd4 9. O-O O-O 10. Nd1 Rb8 11. c3 Nxe2+ 12. Qxe2 b6 13. f4 f5 14. Nf2 Bb7 15.
Rae1 Re8 16. h3 d5 17. Bd2 d4 18. c4 Qc7 19. Qd1 Nc8 20. e5 Bxg2 21. Kxg2 b5
22. b3 bxc4 23. dxc4 a5 24. Kh2 Ne7 25. Nd3 Bf8 26. Rg1 Ra8 27. Qc2 Nc6 28. g4
Kf7 29. gxf5 gxf5 30. Qd1 Ne7 31. Qh5+ 1-0